[Event "GER GM04-B email"]
[Site "GER email"]
[Date "2015.06.25"]
[Round "?"]
[White "Fleetwood, Daniel M"]
[Black "Schramm, Alexander"]
[Result "1/2-1/2"]
[WhiteElo "2578"]
[BlackElo "2523"]
[PlyCount "129"]
[EventDate "2015.??.??"]
[EventType "tourn (corr)"]
[EventRounds "10"]
[EventCountry "GER"]
[SourceTitle "Corr 2017"]
[Source "ChessBase"]
[SourceDate "2017.09.19"]
[SourceVersion "1"]
[SourceVersionDate "2017.09.19"]
[SourceQuality "1"]

1. d4 Nf6 2. c4 g6 3. Nc3 d5 4. Nf3 Bg7 5. Qb3 dxc4 6. Qxc4 0-0 7. e4 Nc6 8. Be2 Bg4 9. d5 Na5 10. Qb4 Bxf3 11. Bxf3 c6 12. 0-0 Qb6 13. Qa4 Nd7 14. Rd1 Rfd8 15. g3 h5 16. Bg2 Ne5 17. Rb1 Ng4 18. Qc2 Bd4 19. h3 Bxf2+ 20. Kh1 Bxg3 21. hxg4 hxg4 22. Qe2 Nc4 23. Qxg4 Kg7 24. Qxg3 Rh8+ 25. Bh3 Rxh3+ 26. Qxh3 Rh8 27. Qxh8+ Kxh8 28. Kg2 cxd5 29. Rxd5 Qe6 30. Rg5 b5 31. b4 Ne5 32. Rg3 Qc4 33. a3 f6 34. Bf4 Nd3 35. Bd2 Kg7 36. Rd1 Nb2 37. Rh1 Nd3 38. Rhh3 Ne5 39. Bh6+ Kf7 40. Bf4 Nc6 41. Rf3 Kg7 42. Rhg3 Kf7 43. Rf2 a5 44. bxa5 Nxa5 45. Re3 Qe6 46. Rh3 Nc4 47. Bc1 Nd6 48. Rg3 Qc4 49. Re2 g5 50. Bd2 b4 51. axb4 Qxb4 52. Be1 Qc4 53. Rf3 Nb5 54. Rfe3 Nd4 55. Rd2 g4 56. Bg3 Ne6 57. Rd7 Qc6 58. Rd5 Qb6 59. Rdd3 Ng5 60. Bf2 Qb7 61. Bh4 Nf3 62. Bg3 Qb2+ 63. Bf2 Qb8 64. Rxf3 gxf3+ 65. Rxf3 1/2-1/2

[Event "GER GM04-B email"]
[Site "GER email"]
[Date "2015.06.25"]
[Round "?"]
[White "Olofsson, Dan"]
[Black "Schramm, Alexander"]
[Result "1/2-1/2"]
[WhiteElo "2555"]
[BlackElo "2523"]
[PlyCount "113"]
[EventDate "2015.??.??"]
[EventType "tourn (corr)"]
[EventRounds "10"]
[EventCountry "GER"]
[SourceTitle "Corr 2017"]
[Source "ChessBase"]
[SourceDate "2017.09.19"]
[SourceVersion "1"]
[SourceVersionDate "2017.09.19"]
[SourceQuality "1"]

1. e4 e5 2. Nf3 Nc6 3. Bc4 Bc5 4. c3 Nf6 5. d3 0-0 6. 0-0 d6 7. Nbd2 a6 8. Bb3 Ba7 9. Re1 Ng4 10. Re2 Kh8 11. h3 Nh6 12. Nf1 f5 13. d4 f4 14. dxe5 Nxe5 15. Nxe5 dxe5 16. Qxd8 Rxd8 17. Nd2 Re8 18. Nf3 Bc5 19. Bc4 a5 20. a4 Bd7 21. Rd2 Bc6 22. Ng5 g6 23. Bd5 Bxd5 24. exd5 Nf5 25. Re2 h6 26. Ne6 Bd6 27. Bd2 Ng7 28. Nxg7 Kxg7 29. Rae1 Kf7 30. c4 Re7 31. Bc3 g5 32. Kf1 Rae8 33. Re4 b6 34. Ke2 Kf6 35. g3 Kg6 36. Kd3 Kf5 37. g4+ Kf6 38. h4 gxh4 39. Rxf4+ Kg6 40. Rf5 e4+ 41. Ke2 h3 42. Rh1 h2 43. Bd4 Rh7 44. Rh5 e3 45. f3 Bf4 46. b3 Ree7 47. Bf6 Re8 48. Bc3 Bg3 49. Rf1 Bf4 50. Ra1 Bd6 51. Bd4 Rf7 52. Rh1 Rd7 53. Rf5 Rf7 54. Rh5 Rd7 55. Bc3 Rh7 56. Rd1 Rf7 57. Bd4 1/2-1/2